[Event "Kimry-ch op"]
[Site "Kimry"]
[Date "2017.01.04"]
[Round "4"]
[White "Pochtarenko, Dmitrii"]
[Black "Zhukov, Anton2222"]
[Result "1/2-1/2"]
[WhiteElo "1715"]
[BlackElo "1898"]
[PlyCount "63"]
[EventDate "2017.01.02"]
[EventType "swiss"]
[EventRounds "9"]
[EventCountry "RUS"]
[SourceTitle "EXT 2018"]
[Source "ChessBase"]
[SourceDate "2017.10.13"]
[SourceVersion "1"]
[SourceVersionDate "2017.10.13"]
[SourceQuality "1"]

1. e4 e6 2. d4 d5 3. e5 c5 4. c3 Qb6 5. Nf3 Bd7 6. a3 Bb5 7. b4 cxd4 8. Bxb5+ Qxb5 9. cxd4 Ne7 10. Nc3 Qd7 11. 0-0 Nbc6 12. Na4 b6 13. Bb2 Rc8 14. Rc1 Nf5 15. Nc3 Be7 16. Ne2 0-0 17. Qb3 b5 18. Bc3 Bd8 19. Bd2 Bb6 20. Be3 Nce7 21. Ng3 Rc4 22. Qb2 Rfc8 23. Ne2 Nxe3 24. fxe3 Nf5 25. Kf2 R8c6 26. Nd2 Rxc1 27. Rxc1 Rxc1 28. Qxc1 h6 29. Nb3 Qe7 30. g3 Qg5 31. Nf4 Qg4 32. Qg1 1/2-1/2

[Event "Kimry Summer op"]
[Site "Kimry"]
[Date "2016.06.10"]
[Round "5"]
[White "Berezin, Viktor"]
[Black "Pochtarenko, Dmitrii"]
[Result "1/2-1/2"]
[WhiteElo "1954"]
[BlackElo "1694"]
[PlyCount "90"]
[EventDate "2016.06.08"]
[EventType "swiss"]
[EventRounds "7"]
[EventCountry "RUS"]
[SourceTitle "CBM 172 Extra"]
[Source "ChessBase"]
[SourceDate "2016.06.21"]
[SourceVersion "1"]
[SourceVersionDate "2016.06.21"]
[SourceQuality "1"]

1. f4 f5 2. Nf3 Nf6 3. e3 e6 4. b3 Be7 5. Bb2 0-0 6. Be2 a5 7. 0-0 b6 8. d3 Nc6 9. Ne5 Nxe5 10. Bxe5 d6 11. Bb2 Nd5 12. Qd2 Bf6 13. d4 Ba6 14. Bxa6 Rxa6 15. c4 Ne7 16. Nc3 Ra8 17. Rad1 Ng6 18. e4 c5 19. dxc5 dxc5 20. e5 Be7 21. Qe3 Qc7 22. Nb5 Qc6 23. g3 a4 24. Qf3 Qc8 25. Nd6 Qc7 26. Rf2 axb3 27. Qxb3 Qa7 28. Bc3 Rfb8 29. Rfd2 Qa3 30. Nb5 Qxb3 31. axb3 Rd8 32. Rd7 Nf8 33. Rxd8 Rxd8 34. Rxd8 Bxd8 35. Kf2 Kf7 36. Ke2 Ke7 37. Na7 Kd7 38. b4 Be7 39. b5 Ng6 40. Nc6 Bf8 41. Kf3 Ne7 42. Nxe7 Bxe7 43. h3 Ke8 44. Kg2 Kf7 45. Kf3 Ke8 1/2-1/2

[Event "Kimry Summer op"]
[Site "Kimry"]
[Date "2016.06.08"]
[Round "1"]
[White "Trofimov, Pavel"]
[Black "Pochtarenko, Dmitrii"]
[Result "0-1"]
[WhiteElo "1169"]
[BlackElo "1694"]
[PlyCount "98"]
[EventDate "2016.06.08"]
[EventType "swiss"]
[EventRounds "7"]
[EventCountry "RUS"]
[SourceTitle "CBM 172 Extra"]
[Source "ChessBase"]
[SourceDate "2016.06.21"]
[SourceVersion "1"]
[SourceVersionDate "2016.06.21"]
[SourceQuality "1"]

1. e4 c5 2. Nc3 d6 3. h3 Nc6 4. Nf3 e6 5. Be2 Be7 6. 0-0 Nf6 7. d3 0-0 8. a3 a6 9. d4 cxd4 10. Nxd4 Qc7 11. Be3 b5 12. Nxc6 Qxc6 13. Bf3 Bb7 14. e5 Nd5 15. Bxd5 exd5 16. exd6 Bxd6 17. Qf3 Be5 18. Bd2 Qd7 19. Qe2 Rfe8 20. Qg4 Qxg4 21. hxg4 d4 22. Na2 Rac8 23. c3 Bd5 24. cxd4 Bxd4 25. Nc3 Bc4 26. Rfe1 f6 27. Rab1 Rcd8 28. b3 Bf7 29. b4 Bxf2+ 30. Kxf2 Rxd2+ 31. Re2 Rexe2+ 32. Nxe2 Bc4 33. Re1 Ra2 34. g3 Kf7 35. Kf3 Rxa3+ 36. Ke4 Rb3 37. Nd4 Rxb4 38. Kf5 Bd3+ 39. Kf4 Rxd4+ 40. Kf3 a5 41. Ke3 Re4+ 42. Kd2 Rxe1 43. Kxe1 b4 44. Kd2 Bg6 45. Kc1 a4 46. Kb2 a3+ 47. Ka1 b3 48. g5 b2+ 49. Ka2 b1Q+ 0-1

[Event "Kimry-ch"]
[Site "Kimry"]
[Date "2016.01.02"]
[Round "1"]
[White "Pochtarenko, Dmitrii"]
[Black "Nefedov, Dmitriy"]
[Result "1/2-1/2"]
[WhiteElo "1527"]
[BlackElo "2056"]
[PlyCount "95"]
[EventDate "2016.01.02"]
[EventType "swiss"]
[EventRounds "9"]
[EventCountry "RUS"]
[SourceTitle "CBM 170 Extra"]
[Source "ChessBase"]
[SourceDate "2016.02.25"]
[SourceVersion "1"]
[SourceVersionDate "2016.02.25"]
[SourceQuality "1"]

1. e4 c5 2. Nf3 Nc6 3. d4 cxd4 4. Nxd4 Nf6 5. Nc3 d6 6. Be3 a6 7. Be2 e5 8. Nb3 Be7 9. f3 Be6 10. Qd2 d5 11. exd5 Nxd5 12. Nxd5 Qxd5 13. 0-0-0 Qxd2+ 14. Rxd2 Rd8 15. Rxd8+ Kxd8 16. Nc5 Bxc5 17. Bxc5 Kc7 18. Rd1 Rd8 19. Rxd8 Kxd8 20. Bd3 g6 21. a3 Kd7 22. Kd2 f5 23. h4 Kc7 24. b4 Nb8 25. c4 Nd7 26. Bf2 Nb6 27. Bxb6+ Kxb6 28. Kc3 h6 29. Bc2 g5 30. hxg5 hxg5 31. Bd3 Kc6 32. Bc2 b6 33. Ba4+ Kd6 34. Bc2 a5 35. Bb1 f4 36. Be4 g4 37. Kd3 axb4 38. axb4 g3 39. c5+ bxc5 40. bxc5+ Kxc5 41. Ke2 Kd4 42. Kf1 Ke3 43. Kg1 Bc4 44. Ba8 Bd3 45. Bc6 e4 46. fxe4 Bxe4 47. Bd7 Kd4 48. Bg4 1/2-1/2

[Event "Kimry Summer op"]
[Site "Kimry"]
[Date "2015.06.10"]
[Round "6"]
[White "Lisyanskaya, Alina"]
[Black "Pochtarenko, Dmitrii"]
[Result "1/2-1/2"]
[WhiteElo "1566"]
[BlackElo "1470"]
[PlyCount "43"]
[EventDate "2015.06.08"]
[EventType "swiss"]
[EventRounds "7"]
[EventCountry "RUS"]
[SourceTitle "CBM 167 Extra"]
[Source "ChessBase"]
[SourceDate "2015.09.14"]
[SourceVersion "1"]
[SourceVersionDate "2015.09.14"]
[SourceQuality "1"]

1. e4 d6 2. d4 Nf6 3. f3 c6 4. c4 Qc7 5. Bd3 e5 6. Ne2 Be7 7. 0-0 0-0 8. Be3 Rd8 9. Qc2 Nbd7 10. h3 Nf8 11. f4 Qd7 12. Nd2 c5 13. dxc5 exf4 14. Nxf4 Ng6 15. Nxg6 hxg6 16. Nf3 Nh7 17. Qf2 dxc5 18. Rfe1 Re8 19. Bc1 b6 20. Kh2 Bb7 21. g4 g5 22. e5 1/2-1/2

[Event "Kimry Summer op"]
[Site "Kimry"]
[Date "2015.06.08"]
[Round "1"]
[White "Barsukov, Maxim"]
[Black "Pochtarenko, Dmitrii"]
[Result "1-0"]
[WhiteElo "2135"]
[BlackElo "1470"]
[PlyCount "39"]
[EventDate "2015.06.08"]
[EventType "swiss"]
[EventRounds "7"]
[EventCountry "RUS"]
[SourceTitle "CBM 167 Extra"]
[Source "ChessBase"]
[SourceDate "2015.09.14"]
[SourceVersion "1"]
[SourceVersionDate "2015.09.14"]
[SourceQuality "1"]

1. e4 d6 2. d4 Nf6 3. Nc3 c6 4. f4 Qa5 5. Bd3 Bg4 6. Nge2 Bxe2 7. Qxe2 Nbd7 8. 0-0 e5 9. fxe5 dxe5 10. d5 Bc5+ 11. Kh1 cxd5 12. Nxd5 0-0 13. Bg5 Nxd5 14. exd5 f6 15. Qh5 g6 16. Bxg6 hxg6 17. Qxg6+ Kh8 18. Rf3 Rf7 19. Rh3+ Rh7 20. Rxh7# 1-0